Základy teórie verejných financií

Bibliographic Details
Main Authors: Péliová, Jana, 1976- (Author), Vincúrová, Zuzana, 1975- (Author)
Format: Book
Language:Slovak
PhysicalDescription:136 s. grafy, sch., tab. 21 cm
Published: Bratislava Merkury 2006
ISBN:8089143377
Edition:[1. vyd.]
Subjects:

MARC

LEADER 00000nam a2200000 a 4500
001 vtls008938356
003 SK-MaSNL
005 20260301080758.0
008 240318s2006 xo dl d p 000 0 slo
015 |a SNBA2007/03-00937 
020 |a 8089143377  |q (brož.) 
035 |a B5C124E0-632E-4EAD-8B2D-DB1522108B06 
035 |a urn:nbn:sk:snk-amkygg 
035 |a urn:nbn:sk:snk-am008q31 
040 |a SNK  |b slo  |c SNK  |e AACR2 
041 0 |a slo 
044 |a xo  |c SK 
072 7 |a 336.1/.5  |x Verejné financie  |2 konspekt 
072 7 |a 37.016  |x Učebné osnovy. Vyučovacie predmety. Učebnice  |2 konspekt 
080 |a 336.1/.5  |2 2001 
080 |a (075.8)  |2 2001 
080 |a 334.012.33  |2 2001 
100 1 |a Péliová, Jana,  |d 1976-  |4 aut  |9 216223 
245 1 0 |a Základy teórie verejných financií  |c Jana Péliová, Zuzana Vincúrová 
250 |a [1. vyd.] 
260 |a Bratislava  |b Merkury  |c 2006 
300 |a 136 s.  |b grafy, sch., tab.  |c 21 cm 
504 |a Bibliogr. s. 135-136. Pozn. 
650 0 7 |a verejný sektor  |2 SNKPH  |9 31777 
650 0 7 |a verejné financie  |2 SNKPH  |9 2204 
655 7 |a učebnice vysokých škôl  |2 SNKPH  |9 70191 
700 1 |a Vincúrová, Zuzana,  |d 1975-  |4 aut  |9 244901 
919 |a 80-89143-37-7 
958 |a NB 
958 |a OND 
968 |d 33 
999 |c 654085  |d 656015 
952 |a SNK  |b SNK  |y PREZ  |7 0  |p 17A0538110  |o snkSC 126370  |i snk2007/2105  |8 0  |0 0  |1 0  |4 0  |d 2007-01-23  |f 1  |l 0  |r 2025-06-11 00:00:00  |w 2026-02-23 
952 |a SNK  |b SNK  |y VYP  |7 0  |p 17A0538107  |o snkSC 126370 D1  |i snk2007/2106  |8 0  |0 0  |1 0  |4 0  |d 2007-01-23  |l 0  |r 2026-02-23 18:32:06  |w 2026-02-23 
952 |t snkZAK 336  |a SNKUST  |b SNKUST  |y PREZ  |7 0  |p 17A0538246  |o snkSC 126370 D2  |i snk2007/2402  |8 0  |0 0  |1 0  |4 0  |d 2007-01-25  |l 0  |r 2025-05-29 00:00:00  |w 2026-02-23